000 00341nam a2200145Ia 4500
003 Ost
005 20260225132554.0
008 260225s9999||||xx |||||||||||||| ||und||
040 _cfsic
041 _afre
082 _a440
245 0 _aLe Journalisme en invention :
245 0 _bnouvelles pratiques, nouveaux acteurs /
942 _cكتاب
999 _c34343
_d34343